000 01848nam a2200373 i 4500
001 49782
003 ES-MaCES
005 20210726124755.0
007 cr |||||||||||
008 170728s2002 sp |||| o000|| espd
040 _aES-MaCES
_bspa
_cES-MaCES
245 0 0 _aEconomía, trabajo y sociedad : memoria sobre la situación socioeconómica y laboral : España 2001
300 _a XX, 757 p. (2,68 mb)
500 _aLa presentación del borrador de la Memoria socieconómica y laboral de 2001 fue en la sesión ordinaria del Pleno del CES, celebrada el 22 de mayo de 2002. En esta sesión ordinaria del Pleno se realizarón todas las intervenciones de ponentes e intervinientes. La aprobación de la memoria se llevó a cabo en la sesión extraordinaria del Pleno del CES, celebrada el 29 de mayo de 2002
500 _aTít. del Acta: Memoria socieconómica y laboral de la nación, año 2001
593 _cMemoria sobre la Situación Socioeconómica y Laboral de España
_f20020529
_iMEM-2001
_rUrgente
_sPleno extraordinario
_vPresentes (39): (36) sí, (2) no, (1) abst.
650 4 _aeconomía
_926781
650 4 _acondiciones económicas
_927081
650 4 _atrabajo
_928289
650 4 _acondiciones de trabajo
_928327
650 4 _asociedad
_927269
650 4 _acondiciones sociales
_930469
650 4 _acondiciones de vida
_927111
650 4 _aEspaña
_926964
650 1 4 _a2001
_931582
653 1 0 _aCondiciones económicas
700 1 _aPérez de los Cobos Orihuel, Francisco
_eponente
_920747
700 1 _916114
_aLama-Noriega Cardús, Enrique de la
_einterviniente
700 1 _913683
_aGómez Sánchez, Valeriano
_einterviniente
700 1 _911650
_aFaura Ventosa, Ignasi
_einterviniente
856 4 _uhttp://www.ces.es/documents/MEM/2001/01
_ytexto completo
902 _aMemoria
942 _2CES
_cDI
_h0.0.
999 _c49782
_d49782